Statistiques concernant Personnages de Game Of Thrones

Cliquez ici pour prendre le quiz!

Statistiques générales

  • Ce quiz a été pris 5 480 fois
    (5 443 depuis la dernière actualisation)
  • Le résultat moyen est 46 sur 114

Statistiques - réponses

Reponses% Correct
Arya Stark
94%
Jon Arryn
93%
Garde de nuit Jon Snow
93%
Sansa Stark
92%
Cersei Lannister
86%
Daenerys Targaryen
85%
Tyrion Lannister
85%
Bran Stark
84%
Robb Stark
82%
Eddard Stark
80%
BaratheonRobert Barathéon
80%
Theon Greyjoy
77%
Jaime Lannister
73%
Joffrey Barathéon
73%
Catelyn Stark
69%
Ramsey Bolton
69%
Tywin Lannister
65%
Viserys Targaryen
65%
3 DragonsDrogon
64%
Rickon Stark
63%
Stannis Barathéon
63%
Tommen Barathéon
60%
Fantôme
56%
Jorah Mormont
56%
FreyWalder Frey
56%
Viserion
55%
Ver Gris
54%
Oberyn Martell
53%
Samwell Tarly
53%
Sandor Clegane
52%
Myrcella Barathéon
51%
Nymeria
51%
Nymeria Sand
51%
Varys
51%
Renly Barathéon
50%
Eté
49%
Lady
49%
TyrellOlenna Tyrell
49%
Margaery Tyrell
48%
Missandei
48%
Alliés de la mère des dragonsKhal Drogo
47%
Loras Tyrell
47%
Lyanna Mormont
47%
Stark et LoupsLyanna Stark
47%
Liste d'AryaGregor Clegane
46%
Brienne de Torth
44%
Yara Greyjoy
44%
Aegon Targaryen
43%
Rhaegar Targaryen
43%
Ennemi numéro 1Roi de la nuit
43%
Hodor
42%
BoltonRoose Bolton
42%
Lysa Arryn
41%
Petyr Baelish
41%
Rhaegal
40%
Euron Greyjoy
39%
Tormund
39%
Benjen Stark
37%
Gendry
36%
Melisandre
36%
GreyjoyBalon Greyjoy
34%
Aemon Targaryen
33%
Davos Mervault
33%
Ygrid
33%
Lancel Lannister
32%
Vent Gris
31%
Brandon Stark
30%
Ellaria Sand
30%
Robin Arryn
30%
Barristan Selmy
29%
Bronn
29%
SauvageonsMance Rayder
29%
Daario Naharis
28%
Brousaille
26%
Edmure Tully
26%
BraaviensJaqen H'Ghar
26%
Mestre Pycelle
25%
Shae
25%
Jeor Mormont
24%
Osha
24%
Podrick Payne
24%
Shireen Barathéon
24%
Mace Tyrell
23%
Ilyn Payne
22%
Jojen Reed
22%
Meera Reed
21%
Lannister et alliésKevan Lannister
20%
Meryn Trant
20%
Winterfell et alliés StarkMestre Luwin
20%
Talisa Stark
19%
Martell/ SandDoran Martell
18%
Rodrik Cassel
18%
Alliser Thorne
17%
Obara Sand
17%
Syrio Forel
17%
Vère
17%
Walda Frey
17%
Béric Dondarrion
15%
Au service de la corneilleLa corneille à trois yeux
15%
Qyburn
15%
Selyse Barathéon
15%
Trystan Martell
15%
Port RealGrand Moineau
14%
Thoros de Myr
14%
Tully/ ArrynBrynden Tully
13%
Joanna Lannister
13%
TargaryenAerys II Targaryen
12%
Tourte-Chaude
12%
Aeron Greyjoy
9%
Feuille
8%
Eddison Talett
7%
Wun Wun
7%
Tyerne Sand
6%
Yoren
6%

Distribution des résultats

Percentile par nombre de réponses

% des personnes avec chaque résultat

Votre développement - résultats

Vous n’avez pas pris ce quiz depuis la dernière actualisation